000 00896nam a22002777a 4500
003 EG-GICUC
005 20260124124905.0
008 260124s1929 fr |fr|fr| 000 |0frefre d
040 _aEG-GiCUC
_bfre
_cEG-GiCUC
_dEG-GiCUC
_eRda
082 0 4 _221
_a338.9
_bAR . É
092 0 4 _221
099 _aLaw 13 338.9 AR . É 1929
100 1 _aArgila, Raymond d’
_eAuteur
245 0 1 _aL’étatisme industriel /
_cPar Raymond d’Argila.
264 1 _aParis :
_bPierre bossuet,
_c1929.
300 _a212 page :
_billustration ;
_c 24 cm.
336 _2rda contenu
_a texte
337 _2rda medias
_aOrdinateur
338 _2 transporteur rda
_a Ressource en ligne
546 _aTexte en français
650 1 _aFinances publiques et législation fiscale
_2qrmak
651 1 _2qrmak
856 4 0 _uhttps://fll.law.cu.edu.eg/fulltext/bks/B13-06968.pdf
905 _a31
942 _2ddc
_cBK
_e21
_n0
999 _c58859
_d58859